Carranza : (Registro nro. 129583)

Detalles MARC
000 -LEADER
fixed length control field 00542nam a22001697a 4500
005 - DATE AND TIME OF LATEST TRANSACTION
control field 20170308181801.0
008 - FIXED-LENGTH DATA ELEMENTS--GENERAL INFORMATION
fixed length control field 170308b mx ||||| |||| 00| 0 spa d
050 04 - LIBRARY OF CONGRESS CALL NUMBER
Classification number F1234.C36
Item number U77 1957
100 1# - MAIN ENTRY--PERSONAL NAME
Personal name Urquizo, Francisco L.
Dates associated with a name 1981-
245 10 - TITLE STATEMENT
Title Carranza :
Remainder of title el hombre, el político, el caudillo, el patriota /
Statement of responsibility, etc Francisco L. Urquizo
250 ## - EDITION STATEMENT
Edition statement 6a ed.
260 ## - PUBLICATION, DISTRIBUTION, ETC. (IMPRINT)
Place of publication, distribution, etc México :
Date of publication, distribution, etc 1957
300 ## - PHYSICAL DESCRIPTION
Extent 111p. ;
Dimensions 17 cm.
600 1# - SUBJECT ADDED ENTRY--PERSONAL NAME
Personal name Carranza, Venustiano,
Dates associated with a name 1859-1920
650 #7 - SUBJECT ADDED ENTRY--TOPICAL TERM
Source of heading or term lemb
Topical term or geographic name as entry element Presidentes
Chronological subdivision México
General subdivision Biografía
942 ## - ADDED ENTRY ELEMENTS (KOHA)
Source of classification or shelving scheme Biblioteca del Cogreso de los Estados Unidos
Koha item type Libro
Existencias
Estado de pérdida Fuente de clasificación Estado del daño No para préstamo Ubicación permanente Ubicación actual Apartado o colección Fecha de adquisición Edición Dependencia de educación superior (DES) Área del conocimiento Clasificación Código de Barras Date last seen Número de copia Tipo de recurso Nota pública
  Biblioteca del Cogreso de los Estados Unidos     Biblioteca del Instituto de Investigaciones Históricas Biblioteca del Instituto de Investigaciones Históricas General 08/03/2017 6a ed. Humanidades Educación y Humanidades F1234.C36 U77 1957 IIH000015105 08/03/2017 C:1 Libro GENERAL